LEADER 03147nam 22004573 450 001 9911069723903321 005 20240201080225.0 010 $a9782800418063 010 $a2800418060 035 $a(MiAaPQ)EBC31092563 035 $a(Au-PeEL)EBL31092563 035 $a(Exl-AI)31092563 035 $a(CKB)30114597900041 035 $a(OCoLC)1419870113 035 $a(EXLCZ)9930114597900041 100 $a20240201d2024 uy 0 101 0 $afre 135 $aurcnu|||||||| 181 $ctxt$2rdacontent 182 $cc$2rdamedia 183 $acr$2rdacarrier 200 10$a« Signer la Déportation » $eMigrations Africaines et Retours Volontaires Depuis le Maroc 205 $a1st ed. 210 1$aNamur :$cEditions de l'Universite de Bruxelles,$d2024. 210 4$d©2024. 215 $a1 online resource (205 pages) 311 08$aPrint version: Maâ, Anissa « Signer la Déportation » Namur : Editions de l'Universite de Bruxelles,c2024 327 $aTitre -- Copyright -- À propos de l?auteur -- À propos du livre -- Pour référencer cet eBook -- Table des matières -- Remerciements -- Préface -- Introduction -- L?éloignement « pour le bénéfice de tous » ? -- Externalisation de l?éloignement -- Intervention de l?OIM -- Gouvernement international des migrations -- Les retours volontaires depuis le Maroc -- Négociation de l?asymétrie UE/Maroc -- Émergence des retours volontaires -- Diplomatisation de l?éloignement -- Humanitarisation du retour -- Cadre d?analyse -- Questions de recherche et hypothèses -- Retours « volontaires » ? -- Violence -- Intermédiation -- Agencéité migrante -- Enquêter « au seuil » -- Un acte fondateur -- La mission de l?OIM -- Les candidats au retour -- Les intermédiaires du retour -- Espaces et circulations de l?enquête$7Generated by AI. 330 $aThis book, authored by Anissa Maâ, explores the complex dynamics of African migrants' voluntary returns from Morocco, facilitated by the International Organization for Migration (IOM). It delves into the socio-political intricacies of voluntary return programs, questioning the binary perceptions of coercion and choice. Through extensive research conducted in various Moroccan cities, the work examines migrants as active participants navigating constrained environments. It highlights the roles of peripheral actors, such as humanitarian workers and community members, in the return process. The book contributes to discussions on European Union border policies, migration autonomy, and the colonial legacy in African migration control. It is intended for scholars, policymakers, and anyone interested in migration studies.$7Generated by AI. 606 $aRepatriation$7Generated by AI 606 $aMorocco$7Generated by AI 615 0$aRepatriation 615 0$aMorocco. 700 $aMaa?$b Anissa$01897474 801 0$bMiAaPQ 801 1$bMiAaPQ 801 2$bMiAaPQ 906 $aBOOK 912 $a9911069723903321 996 $a« Signer la Déportation »$94552668 997 $aUNINA